000 nam a22 7a 4500
999 _c127373
_d127373
008 180112b xxu||||| |||| 00| 0 eng d
050 _aBL80.2.E44
100 _aEliade, Mircea
_917672
245 _aOccultisme, sorcellerie et modes culturelles
_cMircea Eliade
260 _aChicago
_bGallimard
_c1978
300 _a192p. ;
_c21cm.
440 _aLes essais
_n206
_938434
650 _aReligions
_xHistory
_913971
650 _aOccult science
_938435
942 _2lcc
_cMONOGRAPH